| 000 | 00310nam a2200121Ia 4500 | ||
|---|---|---|---|
| 008 | 240731s9999 xx 000 0 und d | ||
| 022 | _a1547-0156 | ||
| 245 | 0 | _aJournal of Convention & Event Tourism | |
| 260 | _bRoutledge | ||
| 856 | _uhttps://www.tandfonline.com/loi/wcet20 | ||
| 942 | _2ddc | ||
| 942 | _cTFEJ | ||
| 999 |
_c77582 _d77582 |
||
| 945 |
_a1 _bMadushi Gamage _c1 _dMadushi Gamage |
||